| 000 | 00931nam a22002537a 4500 | ||
|---|---|---|---|
| 005 | 20141211122818.0 | ||
| 008 | 141211t2002 xxua frb 001 0 eng d | ||
| 020 | _a9780768682274 | ||
| 020 | _a0768682274 | ||
| 040 | _aEG-ScBUE | ||
| 082 | 0 | 0 |
_222 _a658.15 _bFER |
| 100 | 1 |
_aFerris, Kenneth R. _936875 |
|
| 245 | 1 | 0 |
_aValuation : _bavoiding the winner's curse / _cKenneth R. Ferris and Barbara S. Pécherot Petitt. |
| 260 |
_aUpper Saddle River, United States : _bPrentice Hall, _cc.2002. |
||
| 300 |
_axii, 225 p. : _btables ; _c24 cm. |
||
| 500 | _aIndex : p. 218-225. | ||
| 504 | _aBibliography : p. 213-217. | ||
| 650 | 0 |
_aCorporations _xValuation _vHandbooks, manuals, etc. _936872 |
|
| 650 | 0 |
_aConsolidation and merger of corporations _vHandbooks, manuals, etc. _936873 |
|
| 653 |
_bBUSADM _cDecember2014 |
||
| 655 |
_vreading book _934232 |
||
| 700 | 1 |
_aPetitt, Barbara S. PeÌcherot _936874 |
|
| 942 |
_2ddc _k658.15 FER |
||
| 999 |
_c18756 _d18728 |
||